00350nam a2200145Ia 4500008004100000082001300041100001400054245003400068250000800102260002900110300001100139500002400150650001500174700001500189230524s9999 xx 000 0 und d a612bPRR aJoon Park 0aBiomaterials An Introduction  a3RD aNEW YORKbSpringerc2005 aIX;535 aQuantity Number: 1 aBiomedical a R.S.Lakes